000 00647nam a2200229Ia 4500
003 OSt
005 20220926014825.0
006 a|||||r|||| 00| 0
007 ta
008 220923b |||||||| |||| 00| 0 eng d
037 _cGeneral Book
040 _aRTL
_cRTL
_beng
041 _2eng
_aeng
082 _aU4z7, M1
100 _aCox Kevin R Ed.
245 0 _aBehavioural problems in geography revisited
260 _aNew York
_bMethuen
_c1981
300 _axxix, 290p
_ccm.
700 _a Golledge Reginald G
_9279528
942 _hU4z7, M1
_cGB
_2CC
999 _c629917
_d629917